This country #3 - Statistics

General Stats
  • This quiz has been taken 16 times
  • The average score is 21 of 25
Answer Stats
This country... Answer % Correct
1) Is surrounded entirely by South Africa Lesotho
100%
22) Is nestled in the Pyrenees between France andSpain Andorra
94%
21) Is also known as the Land Down Under Australia
94%
3) Has the worlds longest coastline Canada
94%
11) Historically Greek island nation but dividedbetween Greece and Turkey Cyprus
94%
17) Owns the sovereign dependencies of Greenlandand the Faroe Islands Denmark
94%
24) Was formerly called Swaziland Eswatini
94%
16) Has the furthest north capital on Earth Iceland
94%
13) Called the Land of the Rising Sun Japan
94%
14) Has a cedar tree on its flag Lebanon
94%
8) Is sandwiched between Switzerlandand Austria in the Alps Liechtenstein
94%
4) Exclusively produces the worlds tequila supply Mexico
94%
15) Is connected to Denmark via the Oresund Bridge Sweden
94%
25) Kilimanjaro is located in this country Tanzania
94%
5) Is the only country in South America whereEnglish is an official language Guyana
88%
9) Is moving its capital city to Borneo Indonesia
88%
19) Is where Rastafarianism originated Jamaica
88%
10) Is called Aotearoa in its native language New Zealand
88%
20) Is a Pacific island nation with an American counterpart territory Samoa
88%
23) Is a Portuguese speaking island nation off the coast of Gabon Sao Tome
88%
12) Has the highest elevation capital on Earth Bolivia
81%
18) Has the worlds most valuable currency Kuwait
50%
2) Is the wealthiest nation in Africa by GDP Seychelles
44%
7) Is the least visited country in the world Tuvalu
38%
6) Has the worlds largest KFC restaurant Azerbaijan
13%
No matching quizzes found
Score Distribution
Percent of People with Each Score
Percentile by Number Answered
Your Score History
You have not taken this quiz